00286nam a22001217a 450000500170000000800410001702000180005802000150007604100080009108000080009924500480010724600090015520160325070031.0100603s2010 nyua 001 0 eng  a9780071748698 a00717486950 aeng a00410aHow to do everything.piPad /cJoli Ballew.30aiPad